| 000 | 01649nam a2200301 i 4500 | ||
|---|---|---|---|
| 001 | 163880 | ||
| 003 | ES-MaACL | ||
| 005 | 20250808232908.0 | ||
| 008 | 931025s1755 sp f 001 0 lat d | ||
| 100 | 1 |
_aRojas y Almansa, Jose Manuel. _9132002 |
|
| 245 | 1 | 0 |
_aD. D. Josephi Emmanuelis de Roxas et Almansa ... tractatus unicus de incompatibilitate & repugnantia possidendi plures Majoratus deque natura & cognitione uniuscujusque speciei eorum : _bin duos tomos distributum... : tomus primus [-secundus]. |
| 260 |
_aMatriti : _bapud Antonium Marin, _c1755. |
||
| 300 |
_a2 t. en 1 v. ([24], 305, [10], 607, [1] h. de grab.) : _bil. ; _cFol. |
||
| 530 | _aDisponible en formato digital. | ||
| 597 | _aSign.: [calderón]-3[calderón]4, A-Z4, 2A-2P4, 2Q2, [calderón]4, A-Z4, 2A-2Z4, 3A-3Z4, 3A-3G4. | ||
| 597 | _aTexto a dos col. | ||
| 597 | _aAntep. | ||
| 597 | _aSegundo tomo con antep., port., pag. y sign. propia. | ||
| 599 | _aIlustraciones calc. en anteps.: "Ml Rz, Ss" | ||
| 599 | _aLa h. de grab. calc.: "M\pl\s, R\pz\s, Dº, S\ps\s", representa a la Inmaculada. | ||
| 650 | 7 |
_aHerencias y sucesiones- _zEspaña _2 _9162042 |
|
| 650 |
_aMayorazgo. _9174651 |
||
| 852 | 4 |
_aES-MaACL _jR-2081 _z- Enc. perg., con lomo roto. Olim: G-5598. |
|
| 856 | 4 |
_uhttp://hdl.handle.net/10481/37857 _zFondo bibliográfico histórico de la Universidad de Granada |
|
| 856 | 4 |
_uhttp://hdl.handle.net/10481/37858 _zFondo bibliográfico histórico de la Universidad de Granada |
|
| 856 | 4 |
_uhttps://patrimoniodocumental.icam.es/es/consulta/registro.do?id=87620 _zBiblioteca del Ilustre Colegio de Abogados de Madrid |
|
| 999 |
_c163880 _d163880 |
||